书目信息 |
| 题名: |
修身之道
|
|
| 作者: | 乔力 主编 | |
| 分册: | ||
| 出版信息: | 桂林 广西师范大学出版社 1997.01 |
|
| 页数: | 207页 | |
| 开本: | 32开 | |
| 丛书名: | ||
| 单 册: | ||
| 中图分类: | B825 | |
| 科图分类: | ||
| 主题词: | 伦理学 | |
| 电子资源: | ||
| ISBN: | 7-5633-2328-7 | |
| 000 | 00523nam0 2200193 45 | |
| 001 | 0106180922 | |
| 005 | 20010618090517.5 | |
| 010 | @a7-5633-2328-7@d8.00元 | |
| 100 | @a20010618d1997 km y0chiy0120 ea | |
| 101 | 0 | @achi |
| 105 | @a z 000yy | |
| 200 | 1 | @a修身之道@AXiu Shen Zhi Dao@f乔力主编@FQiao Li Zhu Bian |
| 210 | @a桂林@c广西师范大学出版社@d1997.01 | |
| 215 | @a207页@d32开 | |
| 606 | 0 | @a伦理学 |
| 690 | @aB825@v3 | |
| 701 | 0 | @a乔力@4主编 |
| 801 | @aCN@bPftUser@c20010618 | |
| 905 | @f20@b348113-132@dB825@eC264 | |
| 修身之道/乔力主编.-桂林:广西师范大学出版社,1997.01 |
| 207页;32开 |
| ISBN 7-5633-2328-7:8.00元 |
| ● |
| 相关链接 |
|
|
|
正题名:修身之道
索取号:B825/C264
 
预约/预借
| 序号 | 登录号 | 条形码 | 馆藏地/架位号 | 状态 | 备注 |
| 1 | 348113 | 203481133 | 社科库509/422社科库 45排4列3层/ [索取号:B825/C264] | 在馆 | |
| 2 | 348114 | 203481142 | 社科库509/422社科库 45排4列3层/ [索取号:B825/C264] | 在馆 | |
| 3 | 348115 | 203481151 | 社科库509/422社科库 45排4列3层/ [索取号:B825/C264] | 在馆 | |
| 4 | 348116 | 203481160 | 社科库509/422社科库 45排4列3层/ [索取号:B825/C264] | 在馆 | |
| 5 | 348117 | 203481179 | 社科库509/509社科库 29排2列3层/ [索取号:B825/C264] | 在馆 | |
| 6 | 348118 | 203481188 | 社科库509/422社科库 45排4列3层/ [索取号:B825/C264] | 在馆 | |
| 7 | 348119 | 203481197 | 社科库509/509社科库 29排2列3层/ [索取号:B825/C264] | 在馆 | |
| 8 | 348120 | 203481204 | 社科库509/509社科库 29排2列3层/ [索取号:B825/C264] | 在馆 | |
| 9 | 348121 | 203481213 | 社科库509/422社科库 45排4列3层/ [索取号:B825/C264] | 在馆 | |
| 10 | 348122 | 203481222 | 社科库509/422社科库 45排4列3层/ [索取号:B825/C264] | 在馆 | |
| 11 | 348123 | 203481231 | 社科库509/ [索取号:B825/C264] | 在馆 | |
| 12 | 348124 | 203481240 | 社科库509/422社科库 45排4列3层/ [索取号:B825/C264] | 在馆 | |
| 13 | 348125 | 203481259 | 社科库509/422社科库 45排4列3层/ [索取号:B825/C264] | 在馆 | |
| 14 | 348126 | 203481268 | 社科库509/422社科库 45排4列3层/ [索取号:B825/C264] | 在馆 | |
| 15 | 348127 | 203481277 | 社科库509/422社科库 45排4列3层/ [索取号:B825/C264] | 在馆 | |
| 16 | 348128 | 203481286 | 社科库509/422社科库 45排4列3层/ [索取号:B825/C264] | 在馆 | |
| 17 | 348129 | 203481295 | 社科库509/509社科库 29排2列3层/ [索取号:B825/C264] | 在馆 | |
| 18 | 348130 | 203481302 | 社科库509/422社科库 45排4列3层/ [索取号:B825/C264] | 在馆 | |
| 19 | 348131 | 203481311 | 社科库509/422社科库 45排4列3层/ [索取号:B825/C264] | 在馆 | |
| 20 | 348132 | 203481320 | 社科库509/422社科库 45排4列3层/ [索取号:B825/C264] | 在馆 |